| 000 | 00652nam a22002177a 4500 | ||
|---|---|---|---|
| 005 | 20241205100954.0 | ||
| 008 | 241205b ||||| |||| 00| 0 eng d | ||
| 020 | _a9789389046175 | ||
| 040 | _cAL | ||
| 041 | _aeng | ||
| 082 |
_223 _a342.084 _bGUPL |
||
| 100 |
_aSetu Gupta _9187777 |
||
| 245 | _aLegal and Philosophical Study of Abortion | ||
| 260 |
_aGurgaon _bThomson Reuters _c2019 |
||
| 300 |
_axxiv,107p. _bPB _c24x16cm. |
||
| 365 |
_2Law _a1060 _b255.50 _c₹ _d350.00 _e27% _f28-11-2024 |
||
| 650 |
_aMedical Termination of Pregnancy in India _9187778 |
||
| 650 |
_aAbortion Laws _9187779 |
||
| 700 |
_aGUPTA (Setu) _9187780 |
||
| 942 |
_2ddc _cBK |
||
| 999 |
_c232082 _d232082 |
||